The red house / (Record no. 1182)
[ view plain ]
| 000 -LEADER | |
|---|---|
| fixed length control field | 01276cam a2200325 a 4500 |
| 005 - DATE AND TIME OF LATEST TRANSACTION | |
| control field | 20231124101439.0 |
| 020 ## - INTERNATIONAL STANDARD BOOK NUMBER | |
| International Standard Book Number | 9780545034319 |
| 040 ## - CATALOGING SOURCE | |
| Original cataloging agency | BTCTA |
| Transcribing agency | BTCTA |
| Modifying agency | OCP |
| -- | GO3 |
| -- | NBO |
| -- | UPZ |
| -- | IUI |
| -- | DLC |
| Language of cataloging | eng |
| 050 00 - LIBRARY OF CONGRESS CALL NUMBER | |
| Classification number | PZ7.A1587 |
| Item number | Red 2009 |
| 082 00 - DEWEY DECIMAL CLASSIFICATION NUMBER | |
| Classification number | 813.6 |
| Edition number | 22 |
| 100 1# - MAIN ENTRY--PERSONAL NAME | |
| Personal name | Abbott, Tony |
| Dates associated with a name | 1952- |
| 245 14 - TITLE STATEMENT | |
| Title | The red house / |
| Statement of responsibility, etc. | The Haunting of Dereck Stone ; Tony Abbott |
| 250 ## - EDITION STATEMENT | |
| Edition statement | First printing, June 2009 |
| 260 ## - PUBLICATION, DISTRIBUTION, ETC. | |
| Place of publication, distribution, etc. | New York : |
| Name of publisher, distributor, etc. | Scholastic, |
| Date of publication, distribution, etc. | 2009 |
| 300 ## - PHYSICAL DESCRIPTION | |
| Extent | 118 pages : |
| Dimensions | 20 cm |
| Other physical details | Illustrations ; |
| 490 1# - SERIES STATEMENT | |
| Series statement | The haunting of Derek Stone ; |
| Volume/sequential designation | Book 3 |
| 500 ## - GENERAL NOTE | |
| General note | "Apple paperbacks." |
| 500 ## - GENERAL NOTE | |
| General note | "Apple series"--P. [4] of cover. |
| 505 ## - FORMATTED CONTENTS NOTE | |
| Formatted contents note | N <br/> |
| 520 ## - SUMMARY, ETC. | |
| Summary, etc. | The Legion is back in full force and they're heading for Amaranthia, the mysterious, long-abandoned house on the Red River which holds a clue that could completely change the war between the living and the dead. Derek doesn't even know what he's looking for, but he knows he has to find it first. |
| 521 0# - TARGET AUDIENCE NOTE | |
| Target audience note | 570 <br/> |
| Source | Lexile <br/> |
| 521 1# - TARGET AUDIENCE NOTE | |
| Target audience note | N <br/> |
| Source | Raz-Plus <br/> |
| 650 #0 - SUBJECT ADDED ENTRY--TOPICAL TERM | |
| Topical term or geographic name entry element | Paranormal fiction. |
| 650 #1 - SUBJECT ADDED ENTRY--TOPICAL TERM | |
| Topical term or geographic name entry element | Supernatural |
| Form subdivision | Fiction. |
| 650 #1 - SUBJECT ADDED ENTRY--TOPICAL TERM | |
| Topical term or geographic name entry element | Dead |
| Form subdivision | Fiction. |
| 655 #7 - INDEX TERM--GENRE/FORM | |
| Genre/form data or focus term | Ghost stories. |
| Source of term | gsafd |
| 906 ## - LOCAL DATA ELEMENT F, LDF (RLIN) | |
| a | 7 |
| b | cbc |
| c | copycat |
| d | 2 |
| e | ncip |
| f | 20 |
| g | y-gencatlg |
| 942 ## - ADDED ENTRY ELEMENTS (KOHA) | |
| Source of classification or shelving scheme | Dewey Decimal Classification |
| Koha item type | Books |
| Suppress in OPAC | No |
| 999 ## - | |
| -- | 1182 |
| -- | 1182 |
| Withdrawn status | Lost status | Source of classification or shelving scheme | Damaged status | Not for loan | Collection | Home library | Current library | Shelving location | Date acquired | Total Checkouts | Full call number | Barcode | Date last seen | Date last checked out | Price effective from | Koha item type |
|---|---|---|---|---|---|---|---|---|---|---|---|---|---|---|---|---|
| Dewey Decimal Classification | Juvenile Fiction | Footprints International School Library Network Toul Kork Campus | Footprints International School Library Network Toul Kork Campus | 08/07/2023 | 2 | ABB 813.6 PZ7.A1587 | FISSE00490 | 02/06/2024 | 01/30/2024 | 08/07/2023 | Books |
